Se Acabó El Amor - Abraham Mateo, Yandel, Jénnifer López - Estadísticas

Estadísticas generales
  • Esta prueba ha sido intentada 25 veces
  • La puntuación promedio es 88 de 417
Estadísticas de respuestas
Letra % Correcto
A
100%
a
100%
acabó
67%
amor
67%
el
67%
El
67%
la
67%
se
67%
Se
67%
67%
y
67%
Y
67%
dos
33%
ella
33%
en
33%
entre
33%
Es
33%
lo
33%
Lo
33%
no
33%
No
33%
O
33%
puedo
33%
sabe
33%
tu
33%
33%
yo
33%
Yo
33%
Abraham
0%
adiós
0%
agonizando
0%
ah
0%
alma
0%
amarte
0%
ame
0%
andar
0%
arrepentida
0%
Aunque
0%
aunque
0%
Bebé
0%
borrón
0%
cabeza
0%
cansado
0%
Capitán
0%
cariño
0%
casi
0%
Chino
0%
con
0%
Cuántas
0%
cuántas
0%
cuenta
0%
culpa
0%
darte
0%
De
0%
de
0%
dejarte
0%
dejaste
0%
Después
0%
di
0%
difícil
0%
digo
0%
duele
0%
Earcandy
0%
eh
0%
empezar
0%
eo
0%
Eso
0%
eso
0%
está
0%
esta
0%
este
0%
esto
0%
estoy
0%
Estoy
0%
fiesta
0%
fue
0%
fuiste
0%
ganas
0%
hacer
0%
hasta
0%
hora
0%
hoy
0%
intentaré
0%
J
0%
Jennifer
0%
Jumbo
0%
lista
0%
llorar
0%
Lopez
0%
mala
0%
más
0%
Mateo
0%
me
0%
Me
0%
0%
mi
0%
Mi
0%
mía
0%
momento
0%
mujer
0%
muy
0%
negaste
0%
negociándome
0%
Neill
0%
noches
0%
nueva
0%
oh
0%
olvida
0%
olvidarte
0%
oportunidad
0%
otra
0%
pa
0%
parece
0%
parezca
0%
parte
0%
partida
0%
pedir
0%
pena
0%
perdida
0%
Pero
0%
placer
0%
Por
0%
por
0%
Porque
0%
Produce
0%
Que
0%
que
0%
qué
0%
querer
0%
quiero
0%
seas
0%
siempre
0%
sola
0%
sólo
0%
solo
0%
Solo
0%
somos
0%
sostén
0%
sufriendo
0%
Tainy
0%
también
0%
tan
0%
te
0%
tengo
0%
ti
0%
tiempo
0%
uoh
0%
vacía
0%
vale
0%
veces
0%
vida
0%
voy
0%
wuh
0%
ya
0%
Ya
0%
Yandel
0%
yeh
0%
No se encontraron pruebas coincidentes
Distribución de puntuación
Porcentaje de gente con cada puntuación
Porcentaje por número respondido
Historial de tus puntuaciones
No has intentado esta prueba.